O peixe que podia cantar (Registo nº 2206)

Detalhes MARC
000 -Etiqueta do registo
Cabeçalho 00733nam a22002651 4500
005 - Identificador da versão
Campo de controlo 20240813121927.0
095 ## -
-- PTBN00336428
010 ## - Número internacional normalizado dos livros (ISBN)
Número (ISBN) 9727130216
100 ## - Dados gerais de processamento
Dados gerais de processamento 19960523d1990 c y0pory5003 ba
102 ## - Pais de publicação ou produção
País de publicação Portugal
101 0# - Língua de publicação
Língua do texto, banda sonora, etc. Português
106 ## - Campo de dados codificados: material textual
Dados codificados do material textual r
105 ## - Campo de dados codificados: livros
Dados codificados dos livros a z 000yy
215 ## - Descrição física 
Indicação específica da natureza do documento e extensão da espécie 16 p.
Outras indicações físicas muito il.
Dimensões 21x22 cm
200 1# - Titulo e menção de responsabilidade
Título próprio O peixe que podia cantar
Primeira menção de responsabilidade [texto e] il. Ricardo Azevedo
225 2# - Colecção 
Título próprio da colecção Vento azul
210 ## - Publicação, Distribuição, etc. 
Lugar da edição, distribuição, etc. [Lisboa]
Nome do editor, distribuidor, etc. Melhoramentos de Portugal
Data da publicação, distribuição, etc. cop. 1990
606 ## - Nome comum usado como assunto
Número de registo de entrada de autoridade 0000029
Palavra de ordem Literatura portuguesa infantil
Subdivisão de assunto Conto
675 ## - Classificação Decimal Universal (CDU)
Notação 821.134.3-34
Edição
Língua da edição por
700 #1 - Nome de autor-pessoa física (responsabilidade principal)
Número de registo de entrada de autoridade 0001023
Palavra de ordem Azevedo
Outra parte do nome não tomada para palavra de ordem Ricardo
942 ## - Elementos de entrada adicionados (Koha)
Tipo de item no Koha Livro
Exemplares
Situação do levantamento Origin of item (home branch) (coded) Biblioteca de empréstimo Código de barras Cota Circulation type (not for loan) Tipo de documento Nota do exemplar Damaged status
  Biblioteca Escolar da Coca Maravilhas Biblioteca Escolar da Coca Maravilhas BECM3066/96 8POR AZE   Livro Sem mensagem